| 000 | 00661nam a2200205Ia 4500 | ||
|---|---|---|---|
| 005 | 20241129110222.0 | ||
| 008 | 241129s9999||||xx |||||||||||||| ||und|| | ||
| 037 | _aTB | ||
| 040 |
_aARTS _bpun _cARTS |
||
| 041 |
_apun _2pun |
||
| 084 |
_aO153,1NRAx [R3] _qARTS |
||
| 100 | _aਰਣਧੀਰ, ਚ। | ||
| 245 | 0 |
_aਖ਼ਤ ਜੋ ਲਿਖਣੇਂ ਰਹਿ ਗਏ _cਰਣਧੀਰ, ਚ। |
|
| 260 |
_aਪਟਿਆਲਾ, ਭਾਰਤ _bਪਟਿਆਲਾ ਆੱਟਮ ਆਰਟ _c2023 |
||
| 300 | _a129ਪ੍ਰ0 | ||
| 365 |
_aINR _b180 |
||
| 650 |
_aPunjabi Poetry _9187334 |
||
| 942 |
_cTB _hO153,1NRAx [R3] |
||
| 999 |
_c1227763 _d1227763 |
||